| 000 | 00775nam a2200277 a 4500 | ||
|---|---|---|---|
| 001 | 000108658 | ||
| 003 | CHAP | ||
| 005 | 20220329144020.0 | ||
| 008 | 140303s2012 it a |r| |||||||fre d | ||
| 010 | _a105120 | ||
| 011 | _a106092 | ||
| 040 | _cCHAP | ||
| 090 | _aFolleto 18393f | ||
| 245 | 1 | 3 |
_aLa gouvernance foncière : _bagissons pour sa mise en oeuvre! / _cpor FAO. |
| 260 |
_aRoma : _bFAO, _c2012. |
||
| 300 |
_a1 hoja plegable : _bil. |
||
| 590 |
_aE11695DGD _b10 _c20140312 _lUCH01 _h1057 |
||
| 590 |
_aE5995AHE _b05 _c20140303 _lUCH01 _h1000 |
||
| 650 | 1 | 4 |
_aCreatividad. _928870 |
| 650 | 1 | 4 |
_aGobierno. _948401 |
| 650 | 1 | 4 |
_aRecursos naturales _xAdministración. _995175 |
| 650 | 1 | 4 |
_aTierras _xTenencia. _9113130 |
| 901 | _aBK | ||
| 942 | _cFOLL | ||
| 942 | _n0 | ||
| 999 |
_c105120 _d105120 |
||